[Felicitació de Juan Sedó Peris-Mencheta a la Biblioteca de Catalunya, amb motiu del començament de l'any 1950]
Descripción Física:
1 f. plegat en 4 parts en 1 sobre : il. ; 29 cm
Otros Autores:
Sedó i Peris-Mencheta, Joan, 1908-1966
Materias:
Targetes de felicitació
MARC
| LEADER | 00000nam a2200000Ia 4500 | ||
|---|---|---|---|
| 001 | 22403 | ||
| 008 | 160829s9999 xx 000 0 cat d | ||
| 080 | |a FU-56-1 | ||
| 245 | |a [Felicitació de Juan Sedó Peris-Mencheta a la Biblioteca de Catalunya, amb motiu del començament de l'any 1950] | ||
| 260 | |a Barcelona : |b Subirana, [1949] | ||
| 300 | |a 1 f. plegat en 4 parts en 1 sobre : |b il. ; |c 29 cm | ||
| 590 | |a Inclou la reproducció de la portada del 'Libro del famoso causallero Palmerin de Oliua', imprès a Toledo el 1580 per Pedro López de Haro. | ||
| 590 | |a Hi ha un duplicat a: DUP-73-1 | ||
| 650 | |a Targetes de felicitació |9 31114 | ||
| 700 | 1 | |a Sedó i Peris-Mencheta, Joan, |d 1908-1966 |9 23966 | |
| 901 | |a Arxiu | ||
| 942 | |n 1 | ||
| 952 | |0 0 |1 0 |4 0 |6 FU561 |7 1 |9 51275 |a Arxiu |b Arxiu |d 2016-12-01 |l 0 |o FU-56-1 |p 22403 |r 2016-12-01 00:00:00 |w 2016-12-01 |y ARXIU | ||
| 999 | |c 55119 |d 55119 | ||